हिन्दी कहानी (Record no. 345958)

MARC details
000 -LEADER
fixed length control field 00740nam a2200241Ia 4500
003 - CONTROL NUMBER IDENTIFIER
control field OSt
005 - DATE AND TIME OF LATEST TRANSACTION
control field 20220923221008.0
008 - FIXED-LENGTH DATA ELEMENTS--GENERAL INFORMATION
fixed length control field 220922b |||||||| |||| 00| 0 hin d
037 ## - SOURCE OF ACQUISITION
Terms of availability Textual
040 ## - CATALOGING SOURCE
Original cataloging agency ARTS
Transcribing agency ARTS
Language of cataloging hin
041 ## - LANGUAGE CODE
Source of code hin
Language code of text/sound track or separate title hin
100 ## - MAIN ENTRY--PERSONAL NAME
Personal name गुप्त, राकेश, संपा.
9 (RLIN) 156274
245 #0 - TITLE STATEMENT
Title हिन्दी कहानी
Remainder of title 198
246 ## - VARYING FORM OF TITLE
Title proper/short title Hindī kahānī: 1980
260 ## - PUBLICATION, DISTRIBUTION, ETC.
Place of publication, distribution, etc. अलीगढ
Name of publisher, distributor, etc. ग्रंथायन
Date of publication, distribution, etc. 1983
300 ## - PHYSICAL DESCRIPTION
Extent 300पृ.
Dimensions cm.
942 ## - ADDED ENTRY ELEMENTS (KOHA)
Classification part O152,3xN80, M3
Koha item type Textual
Source of classification or shelving scheme Colon Classification (CC)
Holdings
Withdrawn status Lost status Damaged status Not for loan Home library Current library Date acquired Total Checkouts Full call number Barcode Date last seen Price effective from Koha item type
        Arts Library Arts Library 2022-09-23   O152,3xN80 M3 AL0893049 2022-09-23 2022-09-23 Textual
Copyright @ Delhi University Library System